000 00495nam a2200157 a 4500
001 000033652
005 20200930070421.0
008 110905s1944 dr 000 0 spa d
040 _aDO-SdBNP
_bspa
_cBNPHU
082 _axxxx
_bA516c
100 1 _aAmiama Tio, Fernando A.
_931005
245 1 0 _aContribución a la bibliografía de Gastón Fernando Deligne. /
_cFernando A. Amiama Tio.
260 _aSanto Domingo :10 :
_bLuis Sancez Andújar,
_c1944.
300 _a28 p. ;
_c24 cm.
049 _aBNPD
999 _c33143
_d33143